Pflanzen mit C - Statistiken

Allgemein
  • Dieses Quiz wurde 85 mal gespielt
  • Das Durchschnittsergebnis liegt bei 6 aus 12
Antwortstatistiken
Hinweis Antwort % Korrekt
Kreuzung aus Mandarine und Orange Clementine
80%
Salat, Gemüse, bitter Chicorée
77%
Carne Chili
58%
Kreuzung aus Speiserübe und Senfkohl Chinakohl
50%
blüht im Winter Christrose
45%
Malaria, Bitter Lemon Chinarindenbaum
43%
420 Cannabis
39%
Zierpflanze, Wappen Japans Chrysantheme
39%
mexikanische Samen Chia
38%
war im originalen Coke-Rezept enthalten Colanuss
34%
auch Waldrebe genannt Clematis
28%
der englische Name der Frucht ist gesucht, da populärer Cranberry
20%
Keine übereinstimmenden Quizze gefunden
Verteilung der Resultate
Anzahl Personen mit jedem Resultat
Perzentil nach korrekt beantworteten Fragen
Ihre Resultats-Entwicklung
Sie haben dieses Quiz noch nicht gespielt